Geography Quiz

Random Geography or City Quiz

Iowa Cities 2010 Quiz Stats

 Plays Quiz not verified by Sporcle

Support Sporcle.
Go Orange.
Score 0/300 Timer 20:00
0 Plays Today
Population City % Correct
203,433Des Moines
98.6%
126,326Cedar Rapids
96.8%
67,862Iowa City
95.5%
99,685Davenport
95.2%
82,684Sioux City
94.5%
58,965Ames
94.3%
57,637Dubuque
93.3%
56,609West Des Moines
92.1%
68,406Waterloo
91.7%
39,260Cedar Falls
91.3%
62,230Council Bluffs
89.7%
45,582Ankeny
88.6%
28,079Mason City
88.2%
25,206Fort Dodge
86.5%
39,463Urbandale
86.3%
33,217Bettendorf
86.2%
27,552Marshalltown
85.2%
25,023Ottumwa
83.6%
34,768Marion
83.6%
25,663Burlington
83.5%
26,885Clinton
81.9%
18,907Coralville
80.5%
17,278Johnston
79.4%
14,782Indianola
79.2%
14,541Altoona
79.1%
10,352Pella
79.1%
10,780Keokuk
79%
22,886Muscatine
78.2%
15,254Newton
77.9%
12,661Boone
77.5%
8,127Decorah
77.1%
7,777Clear Lake
76.9%
15,447Clive
76.7%
11,463Oskaloosa
76.7%
10,600Storm Lake
75.6%
7,266Washington
74.9%
9,874Waverly
74.4%
13,790Waukee
74.2%
11,051Fort Madison
73.6%
10,103Carroll
72.8%
13,374North Liberty
72.6%
11,233Spencer
72.5%
9,464Fairfield
72.3%
9,826Le Mars
72%
2,877Tama
71.1%
8,668Mount Pleasant
70.9%
8,246Grimes
70.8%
9,218Grinnell
70.6%
5,966Independence
69.9%
8,070Webster City
69.6%
7,652Charles City
69.6%
5,238Iowa Falls
69.4%
7,112Atlantic
68.7%
5,106Harlan
68.5%
4,345Jefferson
68%
4,929Osceola
67.9%
8,298Denison
67.8%
5,560Algona
67.4%
7,313Knoxville
66.9%
5,190Winterset
66.5%
6,004Orange City
66.4%
6,798Nevada
66.3%
5,179Manchester
66%
2,341Toledo
65.8%
5,257Vinton
65.6%
7,834Creston
65.5%
3,904Emmetsburg
65.5%
2,706Grundy Center
65.3%
8,785Pleasant Hill
65.1%
7,702Perry
65.1%
3,736West Liberty
65%
4,461Hampton
65%
8,945Norwalk
64.6%
4,151Forest City
64.4%
1,870Parkersburg
64.4%
6,360Estherville
64.3%
4,840Spirit Lake
64.1%
4,058Dyersville
63.9%
3,431Story City
63.9%
4,506Mount Vernon
63.7%
1,789Pocahontas
63.6%
3,571New Hampton
63.4%
4,690Humboldt
63.4%
1,623Dallas Center
63.4%
5,253Cherokee
63.3%
7,048Sioux Center
63%
3,682Adel
62.9%
3,418Polk City
62.8%
3,221Tipton
62.6%
3,619Osage
62.2%
5,742Red Oak
62%
3,897Waukon
61.8%
4,321Chariton
61.6%
3,068Williamsburg
61.5%
6,415Oelwein
61%
5,533Anamosa
61%
1,569Guthrie Center
61%
5,528Centerville
60.5%
2,322West Branch
60%
3,868Cresco
59.7%
Population City % Correct
5,572Clarinda
59.6%
3,860Bondurant
59.3%
5,150Shenandoah
59%
2,549Rock Rapids
59%
5,188Sheldon
59%
2,850Clarion
58.4%
2,520Jesup
57.8%
2,142Ida Grove
57.8%
6,141Maquoketa
57.6%
2,640Bloomfield
57.2%
3,876Carlisle
57%
2,486West Union
56.9%
7,024Hiawatha
56.9%
2,838Missouri Valley
56.7%
2,220Sac City
56.6%
1,830Monroe
56.3%
3,766Albia
56.1%
2,732Eldora
55.7%
2,059Sigourney
55.7%
2,282Hudson
55.5%
3,796Monticello
55.2%
2,968West Burlington
54.9%
1,977Leon
54.7%
3,317Huxley
54.5%
5,269Glenwood
54.4%
1,989Northwood
54.3%
1,709Rockwell City
54.3%
4,860Windsor Heights
54%
2,100Lake Mills
53.9%
3,583Eagle Grove
53.8%
2,534Belle Plaine
53.8%
2,067Wapello
53.8%
2,363Kalona
53.5%
1,663Nashua
53.4%
2,798Sibley
52.7%
1,703Traer
52.5%
1,039Rockwell
52.4%
1,691Mount Ayr
52.3%
5,322De Witt
52.3%
2,543Madrid
52.3%
3,765Le Claire
52%
3,354Rock Valley
51.8%
1,982Greenfield
51.8%
2,324Lamoni
51.6%
1,128Aplington
51.6%
2,176Audubon
51.5%
3,129Garner
51.4%
1,130Greene
51.3%
1,296Shell Rock
51.3%
1,780Denver
51.2%
2,227Postville
51%
1,549Monona
50.7%
2,254Mitchellville
50.5%
2,037Solon
49.9%
2,069Britt
49.8%
2,093Colfax
49.8%
1,694Pleasantville
49.6%
2,159Cascade
49.6%
2,998Onawa
49.6%
2,376Belmond
49.4%
2,421Center Point
49.3%
2,123Fairfax
49.3%
1,279Strawberry Point
49.2%
2,285La Porte City
49.2%
1,680Prairie City
49.1%
4,448Camanche
48.9%
2,528Marengo
48.5%
1,458Urbana
48.2%
1,209Dike
48.2%
5,651Eldridge
48.1%
1,664Reinbeck
47.8%
1,244Granger
47.1%
2,175Hull
46.8%
1,947Tiffin
46.5%
1,919Guttenberg
46.5%
1,883Alta
46.2%
2,044Ogden
45.9%
1,323Manly
45.8%
4,751Evansdale
45.7%
1,024Woodward
45.2%
1,899Columbus Junction
45%
1,727Lake City
45%
1,589Ackley
44.8%
4,227Sergeant Bluff
44.5%
1,635Corning
44.5%
1,082Gilbert
44.5%
1,462Montezuma
44.2%
993Riverside
44%
1,648Stuart
44%
1,273Elkader
43.9%
1,690Manson
43.9%
1,107St. Ansgar
43.7%
1,468State Center
43.7%
1,468Brooklyn
43.4%
1,338Fayette
43.4%
2,802Wilton
43.3%
1,029Allison
43.2%
1,860Epworth
43.1%
1,009Keota
43.1%
2,152Lisbon
43%
Population City % Correct
3,785Carter Lake
42.8%
2,898Milford
42.7%
1,016Van Meter
42.7%
1,585Corydon
42.4%
931Fredericksburg
42.3%
1,832Durant
42%
1,537Farley
41.3%
1,300Lone Tree
40.9%
1,534Logan
40.8%
1,440Bedford
40.7%
2,191Bellevue
40.6%
2,028Sumner
40.6%
1,124Panora
40.3%
1,897New London
40.1%
930Janesville
39.9%
1,138Sidney
39.8%
1,050De Soto
39.6%
1,776Ely
39.5%
983Shellsburg
39.2%
1,126Arnolds Park
39.1%
4,170Asbury
39%
1,041North English
39%
1,439Clarksville
38.6%
1,379Dysart
38.3%
1,377Peosta
38.2%
1,270Buffalo
38.1%
1,080George
37.8%
1,629Walcott
37.4%
1,172Sheffield
37.3%
1,024Eddyville
37.2%
1,489Slater
37.2%
1,560Mediapolis
36.9%
1,051University Heights
36.7%
2,546Hawarden
36.7%
1,431Nora Springs
36.6%
1,006Keosauqua
36.5%
1,305Coon Rapids
36.5%
3,142Robins
36.2%
1,117Elk Run Heights
36.1%
1,672Hartley
36%
1,293New Sharon
36%
1,026Palo
36%
927Eldon
35.9%
1,142Lake View
35.9%
1,146Mechanicsville
35.8%
1,101Baxter
35.8%
1,618Moville
35.6%
1,313Tripoli
35.5%
1,037Gowrie
35.1%
945Gladbrook
35.1%
1,284Roland
34.6%
1,663Remsen
34.5%
999Lansing
34.5%
934Danville
34.3%
1,013Odebolt
33.7%
1,500Manning
33.6%
1,506Avoca
33.5%
938Le Grand
33.4%
1,450Earlham
33%
977Fruitland
31.8%
1,113Fairbank
31.6%
978Calmar
31.3%
972Anita
31.3%
1,407Lenox
30.9%
928Hinton
30.9%
1,527Oakland
30.8%
1,486Akron
30.7%
1,215Jewell Junction
30.6%
1,108Conrad
30.4%
1,258Laurens
30.3%
1,074Springville
30.2%
1,252Villisca
30.2%
973Sloan
30%
1,105Lake Park
30%
1,452Blue Grass
29.9%
1,216Alton
29.4%
1,187Hamburg
29.4%
1,288Melcher-Dallas
28%
966West Point
28%
974Clarence
27.7%
1,411Kingsley
27.4%
1,036Aurelia
27.2%
1,117Marcus
27.1%
1,134Winfield
26.4%
1,056Paullina
26.3%
1,396Holstein
26.1%
1,670Atkins
26%
1,257Central City
26%
1,408Wellman
25.5%
1,042Dunlap
25.4%
966Wayland
25.3%
1,036Griswold
23.4%
1,404Sanborn
23.2%
1,012Preston
23.1%
1,224Mapleton
22.1%
1,146Glidden
22%
1,459Woodbine
20.2%
1,040Tabor
19.9%
1,142Malvern
17.4%
1,463Walford
17%

You're not logged in!

Compare scores with friends on all Sporcle quizzes.
OR
Log In

From the Vault

Elements by First 2 and Last 2 Letters

by Hullabaloo

Hint: tin is not one of the answers.
Remove Ads.
Support Sporcle.
Get the best of Sporcle when you Go Orange. This ad-free experience offers more features, more stats, and more fun while also helping to support Sporcle. Thank you for becoming a member.

Show Comments

Extras

Top Quizzes Today


Score Distribution

Your Account Isn't Verified!

In order to create a playlist on Sporcle, you need to verify the email address you used during registration. Go to your Sporcle Settings to finish the process.

Report this User

Report this user for behavior that violates our Community Guidelines.

Details: